| 000 | 01009cam a2200313 4500 | ||
|---|---|---|---|
| 008 | 090401t1993 xxu||||| |||| 00| 0 eng d | ||
| 020 | _a0632033843 | ||
| 035 | _a(Sirsi) u16015 | ||
| 041 | _aeng | ||
| 050 | _a692.8 | ||
| 100 | _aClamp, Hugh | ||
| 245 | 4 | _aThe shorter forms of building contract. | |
| 250 | _a3rd ed. | ||
| 260 |
_aOxford _bBlackwell Scientific Publications _c1993 |
||
| 300 | _aviii,198p. ; 24cm. | ||
| 350 | _a29.5 | ||
| 650 | _aARCHITECTS AND SURVEYORS INSTITUTE | ||
| 650 | _aASSOCIATION OF CONSULTANT ARCHITECTS | ||
| 650 | _aBUILT ENVIRONMENT-BUILDING CONTRACT FORMS | ||
| 650 | _aGC/WORKS/2 | ||
| 650 | _aJCT INTERMEDIATE FORM OF BUILDING CONTRACT (1984 EDITION) | ||
| 650 | _aJCT MINOR WORKS AGREEMENT (1980 EDITION) | ||
| 650 | _aJOINT COUNCIL FOR LANDSCAPE INDUSTRIES | ||
| 650 | _aNEW ENGINEERING CONTRACT | ||
| 650 | _aSCOTTISH BUILDING CONTRACTS COMMITTEE | ||
| 690 | _aBUILT ENVIRONMENT-BUILDING CONTRACT FORMS | ||
| 942 | _n0 | ||
| 948 | _c04/03/1997 | ||
| 999 |
_c87345 _d87345 |
||